000 01417cam a22003734i 4500
003 PE-LiUPU
005 20250731184119.0
008 150616s r 000 0 d
035 _a(Sirsi) a9615
040 _aPE-LiUPU
_bspa
_cPE-LiUPU
_erda
049 _aPRUA
082 0 4 _a809
_bC824l
_223
100 1 _aCorrea Pérez, Alicia,
_eautor.
_95472
245 1 0 _aLiteratura Universal :
_bIntroducción al Análisis de Textos /
_cAlicia Correa Pérez, Arturo Orozco Torre.
250 _aPrimera edición. Segunda reimpresión
264 1 _aMéxico :
_bAlhambra Mexicana,
_c1996.
300 _a583 páginas ;
_c23 cm.
336 _atext
_2rdacontent
337 _aunmediated
_2rdamedia
338 _avolume
_2rdacarrier
504 _aBibliografía: páginas 575-583.
505 0 _aIntroducción al estudio de la literatura universal.- De la antiguedad oriental y de la época clásica grecorromana.- De la edad media, el renacimiento y el barroco.- Neoclasicismo, romanticismo y realismo.- Premios Nobel de la Literatura.
526 _aP145
526 _aP127
526 _aP97
526 _aP14
526 _aP07
650 1 4 _aLiteratura
_xHistoria y crítica.
_92361
650 2 4 _aLiteratura
_xEstudio y enseñanza.
700 _aOrozco Torre, Arturo,
_eautor.
_95473
942 _2ddc
_cBK
999 _c61087
_d61087
980 _81
_gALBERTO SANCHEZ Responsable de Automatización